|
|
|
|
| LEADER |
00000nam a2200000 a 4500 |
| 001 |
vtls001462642 |
| 003 |
SK-MaSNL |
| 005 |
20260301073401.0 |
| 008 |
160624s2002 xo a g 0 eng |
| 015 |
|
|
|a SNBE2004/01-00137
|
| 020 |
|
|
|a 8088730457
|
| 035 |
|
|
|a SNK000417948
|
| 040 |
|
|
|a SNK
|b slo
|c SNK
|e AACR2
|
| 041 |
0 |
|
|a eng
|
| 043 |
|
|
|a e-xo---
|
| 044 |
|
|
|a xo
|c SK
|
| 072 |
|
7 |
|a 75
|2 konspekt
|
| 080 |
|
|
|a 929
|2 1981
|
| 080 |
|
|
|a 75.071.1
|2 1981
|
| 080 |
|
|
|a (083.824)
|2 1981
|
| 080 |
|
|
|a 75.071.1:061.4(083.9)=111
|2 2. slo
|
| 080 |
|
|
|a 069.6.02:73/75
|2 2. slo
|
| 080 |
|
|
|a 929 Fulla, Ľudovít
|2 2. slo
|
| 245 |
0 |
0 |
|a A bride (Private Letter). Fulla 1902-2002
|b 100th anniversary of birth of the artist : Považská Gallery of Fine Arts in Žilina, Friday 22 March 2002
|c editor and graphics of the catalogue-newsletter: Alex Mlynárčík, Igor Beňko ; photographs: Milan Kosec, Richard Köhler
|
| 250 |
|
|
|a [1. vyd.]
|
| 260 |
|
|
|a [Žilina]
|b [Považská galery of fine arts]
|c 2002
|
| 300 |
|
|
|a 12 s.
|b fotogr.
|c 42x31 cm
|
| 500 |
|
|
|a 1000 výt.
|
| 504 |
|
|
|a Biogr. údaje
|
| 600 |
1 |
7 |
|a Fulla, Ľudovít,
|d 1902-1980
|2 SNK
|9 14872
|
| 610 |
2 |
7 |
|a Považská galéria umenia
|2 SNK
|9 253316
|
| 650 |
0 |
7 |
|a slovenské maliarstvo
|y stor. 20.
|2 SNK
|9 302125
|
| 650 |
0 |
7 |
|a výtvarné umenie
|2 SNK
|9 723
|
| 650 |
0 |
7 |
|a výstavy
|2 SNK
|9 2780
|
| 651 |
|
7 |
|a Žilina (Slovensko)
|2 SNK
|9 28812
|
| 655 |
|
7 |
|a katalógy výstav
|2 SNK
|9 70445
|
| 655 |
|
7 |
|a katalógy výstav
|2 SNK
|9 70445
|
| 700 |
1 |
|
|a Mlynárčik, Alex,
|d 1934-
|4 com
|4 gup
|9 234200
|
| 700 |
1 |
|
|a Beňko, Igor
|4 com
|4 gup
|9 302127
|
| 700 |
1 |
|
|a Kosec, Milan
|4 fot
|9 5870
|
| 700 |
1 |
|
|a Köhler, Richard
|4 fot
|9 63103
|
| 919 |
|
|
|a 80-88730-45-7
|
| 999 |
|
|
|c 644051
|d 645981
|
| 952 |
|
|
|t P60, <03>, [BOOK], {603}
|a SNK
|b SNK
|y PREZ
|7 0
|p 17A0403838
|o snkOSA 674
|i snkKSP 14457/2003
|0 0
|1 0
|4 0
|d 2003-11-10
|l 0
|r 2005-01-02 00:00:00
|w 2026-02-23
|